000 00989nam0a2200301 4500
001 RU\NLR\bibl\55354
005 20250616085528.0
010 _a5-88878-032-4
_95000
021 _aRU
_b99-31032
_91514
035 _a(NLR Aleph) 000053974
090 _a290699
_c290699
100 _a19991028d1999 |||y0rusy50 ca
101 0 _arus
102 _aRU
105 _aa |||||||||
200 1 _aЗаговор против народов России сегодня
_fСергей Морозов
210 _aМ.
_cАлгоритм
_d1999
215 _a266,[3] с.
_d20
225 1 _aИстория России
_eСоврем. взгляд
606 0 _aЗаговоры политические
_yРоссия
_92124103
_3RU\NLR\auth\661282297
686 _aТ3(2)7,02
700 1 _aМорозов
_bС. Б
_gСергей Борисович
_4070
801 0 _aRU
_bNLR
_c19991028
_gPSBO
801 1 _aRU
_bNLR
_c19991028
852 _aNLR
_j99-3/13308
942 _cBOOK
980 _aNB